Catálogo
 En Linea

El sector minero : (Registro nro. 58094)

Detalles MARC
000 -CABECERA
campo de control de longitud fija 02326nab a2200265 a 4500
005 - FECHA Y HORA DE LA ÚLTIMA TRANSACCIÓN
campo de control 20250203075803.0
007 - CAMPO FIJO DE DESCRIPCIÓN FÍSICA--INFORMACIÓN GENERAL
campo de control de longitud fija ta
008 - DATOS DE LONGITUD FIJA--INFORMACIÓN GENERAL
campo de control de longitud fija 250128e2022 dr uu|p|r||||||0| 0 spa d
022 ## - NÚMERO INTERNACIONAL NORMALIZADO PARA PUBLICACIONES SERIADAS
Número Internacional Normalizado para Publicaciones Seriadas 2636-1981
040 ## - FUENTE DE LA CATALOGACIÓN
Centro catalogador/agencia de origen DO-SdBNP
Centro/agencia transcriptor DO-SdBNP
Normas de descripción rda
041 ## - CÓDIGO DE LENGUA
Código de lengua original spa
100 ## - ENTRADA PRINCIPAL--NOMBRE DE PERSONA
Nombre de persona Díaz, Miguel A.
9 (RLIN) 86924
245 ## - MENCIÓN DE TÍTULO
Título El sector minero :
Resto del título ¿potencial reserva fría de la economía Dominicana? /
Mención de responsabilidad, etc. Miguel A. Díaz
264 ## - PRODUCCIÓN, PUBLICACIÓN, DISTRIBUCIÓN, FABRICACIÓN Y COPYRIGHT
Producción, publicación, distribución, fabricación y copyright Santo Domingo, República Dominicana :
Nombre del de productor, editor, distribuidor, fabricante Sociedad Dominicana de Geología (SODOGEO),
Fecha de producción, publicación, distribución, fabricación o copyright 2022
300 ## - DESCRIPCIÓN FÍSICA
Extensión páginas 21 ;
Dimensiones 28 cm.
310 ## - PERIODICIDAD ACTUAL
Periodicidad actual Desconocida.
336 ## - TIPO DE CONTENIDO
Término de tipo de contenido texto
Código de tipo de contenido txt
Fuente rdacontent
337 ## - TIPO DE MEDIO
Nombre/término del tipo de medio sin mediación
Código del tipo de medio n
Fuente rdamedia
338 ## - TIPO DE SOPORTE
Nombre/término del tipo de soporte volumen
Código del tipo de soporte nc
Fuente rdacarrier
362 ## - FECHAS DE PUBLICACIÓN Y/O DESIGNACIÓN SECUENCIAL
Fecha de publicación y/o designación secuencial Volumen 18, No. 47, Agosto 2022
521 ## - NOTA DE PÚBLICO DESTINATARIO
Nota de público destinatario Se plantea la pregunta de si el sector minero puede actuar como reserva fría de la economía dominicana. El análisis de tres tipos de cheques externos: dos que han ocurrido recientemente y uno por venir constituye el punto de partida para explicar como la economía dominicana reaccionó o está reaccionando y cómo podría reaccionar a futuros choques externos. Se concluye que el sector minero ha demostrado que puede ser la reserva fría de la economía dominicana, pero a la vez destaca la importancia de que el país utilice el método científico para tomar decisiones basadas en la evidencia científica, tanto en proyectos presentes, como futuros, de tal forma que la evaluación de los aspectos ambientales, económicos y sociales forme parte intrínseca de ellos. En conclusion, sector minero puede ser la reserva fría de la economía dominicana si permitimos, como sociedad, que los proyectos de exploración avancen hasta la fase de estudios, de tal forma que podamos evaluar y tomar podamos evaluar y tomar decisiones sobre cada proyecto desde el punto de vista ambiental, económico y social, basados en la evidencia científica. El método científico tiene técnicas y procedimientos exitosos para determinar la verdad científica que garantiza a la sociedad la certeza de siempre sentirse segura de las decisiones que adopta.
650 #0 - PUNTO DE ACCESO ADICIONAL DE MATERIA--TÉRMINO DE MATERIA
Término de materia o nombre geográfico como elemento de entrada Mineria
9 (RLIN) 26253
Subdivisión de forma Publicaciones periódicas
Subdivisión geográfica República Dominicana
773 0# - ENLACE AL DOCUMENTO FUENTE/ENTRADA DE REGISTRO ANFITRIÓN
Número bibliográfico anfitrión 58091
Número de ítem anfitrión 320187
Encabezamiento principal Sociedad Dominicana de Geología (SODOGEO)
Otro identificador del documento 2025-0525
Título Geo noticias /
Número Internacional Normalizado para Publicaciones Seriadas 2636-1981
942 ## - ELEMENTOS DE PUNTO DE ACCESO ADICIONAL (KOHA)
Fuente del sistema de clasificación o colocación Dewey Decimal Classification
Tipo de ítem Koha Publicación periódica

No hay ítems disponibles.

Con tecnología Koha